10 klíčových bodů při výstavbě Wellness centra

Zriadenie Wellness centra ako súčasti SPA hotela alebo Wellness hotela. Požiadavka rentability a návratnosti investícií. Desať základných princípov úspešnej prevádzky Wellness centra.

Na minha lista:
Detalhes bibliográficos
Autor principal: Cathala, Hana
Formato: Capítulo de Livro
Idioma:tcheco
Assuntos:
Tags: Adicionar Tag
Sem tags, seja o primeiro a adicionar uma tag!

MARC

LEADER 00000naa$a2200000$$$4500
001 0088131
005 20231009111422.1
041 0 |a cze 
044 |a SK 
245 1 0 |a 10 klíčových bodů při výstavbě Wellness centra  |c Hana Cathala 
520 |a Zriadenie Wellness centra ako súčasti SPA hotela alebo Wellness hotela. Požiadavka rentability a návratnosti investícií. Desať základných princípov úspešnej prevádzky Wellness centra. 
610 2 0 |a hotelierstvo 
610 2 0 |a hotely 
610 2 0 |a oddych 
610 2 0 |a relaxácia 
610 2 0 |a manažment 
610 2 0 |a marketing 
610 2 0 |a tímy pracovné 
610 2 0 |a klienti 
100 1 |a Cathala, Hana